00364nam a2200109Ia 4500008004100000245008600041245005700127260000900184300001900193300002800212300001400240160319s9999 xx 000 0 und d aStonyhurst Southville International School Senior Prep Moving- UP Ceremony 2015 / cStonyhurst Southville International School Batangas. c2015 a1 videodisc :  bdigital, sound, color ; c4 3/4 in.